| 000 | 00692nam a2200205Ia 4500 | ||
|---|---|---|---|
| 003 | GCL | ||
| 008 | 140319s9999 xx 000 0 ara d | ||
| 040 |
_aGCL / _cGCL |
||
| 082 | 0 | 4 |
_a419.2 _bب ق |
| 100 | 1 | _aبيستون، الفريد | |
| 245 | 1 | 0 |
_aقواعد النقوش العربية الجنوبية: كتابات المسند / _cبيستون، الفريد |
| 700 | 1 | _aرفعت هزيم | |
| 300 | _a135 ص | ||
| 490 |
_aالهيئة العامة للاستعلامات _v0 |
||
| 650 | 0 | 4 | _aاللغة العربية |
| 650 | 0 | 4 | _aالكتابة العربية |
| 650 | 0 | 4 | _aالنقوش العربية |
| 650 | 0 | 4 | _aاللغة العربية - تاريخ |
| 942 |
_2ddc _cBK |
||
| 999 |
_c49254 _d49254 |
||